000 00321 a2200157 4500
001 69041
020 _a853430436X
040 _cAnchieta - Itaigara
100 _aRennĂ³, Regina
240 1 0 _aA de amigo
_lpor
245 1 0 _aA de amigo
300 _a22
362 0 _a1995
650 4 _aLiteratura infantil
942 _cBK
999 _c69041
_d69041